000
00325nam a2200133Ia 4500
008
240624s9999 xx 000 0 und d
041
_a
eng
082
_a
200 RAD
100
_a
RADHAKRISHNAN S
245
_a
BHAGAVADGITA
260
_c
2010
_a
New Delhi
_b
HarperCollins
300
_a
ix, : 461 : p. : cm. ; 20
365
_c
RS
_b
25
999
_c
18440
_d
18440